000
00259nam a22001217a 4500
008
170227b xxu||||| |||| 00| 0 eng d
041
_a
eng
080
_a
617
100
_a
5
101
_a
SHK
245
_a
OPERATIVE NEUROSURGERY
_c
KEMPE, L.G
942
_2
udc
_c
BK
999
_c
6275
_d
6275